00606nam a2200169 i 450000100060000000300090000600500170001500700030003200800410003510000380007624500650011426000370017930000490021685200320026599900170029795201220031434020ES-MaACL20230906154849.0t|030204s1972 sp ||||1| spa d1 aBlanco Freijeiro, Antonio.92925210aArte antiguo del Asia anterior / cAntonio Blanco Freijeiro. aSevilla : bUniversidad, c1972. a402 p., 11 lám. : bil., 1 map. ; c25 cm. aES-MaACLjC-48229 bR.84350 c34020d34020 00104070aATENEOMbATENEOMcDEPO2d2008-01-17eSCl0oC-48229p1035460r2023-02-23 00:00:00w2023-02-23yMONOGRAFIA